000 01329cam a22003495i 4500
999 _c662
_d662
001 20083328
003 OSt
005 20190920142005.0
008 171019s2018 ilu 000 0 eng
010 _a 2017958384
020 _a9781625136275
040 _aDLC
_beng
_erda
_cDLC
042 _apcc
082 _a030 ENC
110 _aEncyclopaedia Britannica, Inc.
245 0 0 _aEncyclopaedia britannica anniversary edition :
_b250 years of excellence (1768-2018) /
_cEncyclopaedia Britannica.
246 _a1768-2018
246 _aBritannica special edition
250 _a2018 edition.
263 _a1802
264 1 _aChicago :
_bBenton,
_c2018.
300 _a735 pages :
_b illustrations (some color), maps, plans, photographs (some color), portraits (some color) ;
_c29 cm.
336 _atext
_btxt
_2rdacontent
337 _aunmediated
_bn
_2rdamedia
338 _avolume
_bnc
_2rdacarrier
440 _aBritannica book of the year, 2018.
500 _aSeries statement from publisher's website (https://britannicalearn.com/press/historic-publishing-event/)
505 _aEvolving Knowledge -- Classic Voices -- Issues of Today, Visions of Tomorrow -- Afterword: 250 years of impact / Theodore Pappas.
906 _a0
_bibc
_corignew
_d2
_eepcn
_f20
_gy-gencatlg
942 _2ddc
_cREF